000 00757cam a2200277 a 4500
001 22094
003 BD-RjUL
005 20211209000751.0
008 140306s1961 nyu 000 1 eng d
035 _a(BD-RjUL)22159
040 _aDLC
_cDLC
_beng
_dBD-RjUL
041 1 _aeng
_hfre
082 _a845.91
_bCOB 1961
100 0 _aColette,
_d1873-1954.
_966516
245 1 0 _aBreak of day /
_cColette ; translated by Enid McLeod
260 _aLondon :
_bSecker and Warburg,
_c1961.
300 _a143 p. :
_c19 cm.
650 _aFrench fiction
_968218
700 _aEnid McLeod
_968219
710 2 _5DLC
_952323
942 _2ddc
_cBK
999 _c22094
_d22094